Lucasova "racionální očekávaní" oceněna
Udelenie Nobelovej ceny za ekonómiu americkému ekonómovi "monetaristickej" chicagskej školy v októbri 1995 za teóriu racionálnych očakávaní. Nositeľom Nobelovej ceny je Robert E. Lucas. Keynesisti a monetaristi, rozdiely v ich teóriách. Hlavné myšlienky Lucasovej teórie racionálnych očakávaní.
Salvato in:
| Natura: | Capitolo di libro |
|---|---|
| Lingua: | ceco |
| Soggetti: | |
| Tags: |
Nessun Tag, puoi essere il primo ad aggiungerne!!
|
MARC
| LEADER | 00000naa a2200000 4500 | ||
|---|---|---|---|
| 001 | r018872 | ||
| 005 | 20221208131432.6 | ||
| 041 | 0 | |a cze | |
| 044 | |a CZ | ||
| 245 | 1 | 0 | |a Lucasova "racionální očekávaní" oceněna |
| 520 | |a Udelenie Nobelovej ceny za ekonómiu americkému ekonómovi "monetaristickej" chicagskej školy v októbri 1995 za teóriu racionálnych očakávaní. Nositeľom Nobelovej ceny je Robert E. Lucas. Keynesisti a monetaristi, rozdiely v ich teóriách. Hlavné myšlienky Lucasovej teórie racionálnych očakávaní. | ||
| 610 | 2 | 0 | |a teórie ekonomické |
| 610 | 2 | 0 | |a škola očakávaní racionálnych |
| 610 | 2 | 0 | |a monetarizmus |
| 610 | 2 | 0 | |a Nobelova cena |
| 610 | 2 | 0 | |a Lucas, R.E. |
| 610 | 2 | 0 | |a keynesizmus |
| 610 | 2 | 0 | |a neokeynesizmus |
| 610 | 2 | 0 | |a 1995 |